000 00352nam a2200145Ia 4500
005 20250509073517.0
008 240331s9999 xx 000 0 und d
082 _bDEV
_a894
100 _aRevathi,K
245 0 _aPoonaiyaippola alaiyum velicham
260 _aChennai
_bPanikkudam Pathippagam
_c2003
300 _a64 p .,
650 _aPoems
942 _cL
999 _c4781
_d4781